00509nam a2200145Ia 4500003000900000008004100009020002600050040001600076100002300092245006000115260003200175300002000207490003300227856010300260IN-BaIIA211028s9999 xx s 000 0 eng d a9780819472298 (Print) cIIA Library aBridger, Alan, ed. 0aAdvanced Software and Control for Astronomy IIh[eBook] aWashington, USAbSPIEc2008 aOnline resource aProceedings of SPIE; V. 7019 uhttps://www.spiedigitallibrary.org/conference-proceedings-of-spie/7019yClick Here to Access eBook